Advanced engineering mathematics / (Record no. 615875)

000 -LEADER
fixed length control field 01378cam a2200361 a 4500
001 - CONTROL NUMBER
control field 2030566
005 - DATE AND TIME OF LATEST TRANSACTION
control field 20260122101733.0
008 - FIXED-LENGTH DATA ELEMENTS--GENERAL INFORMATION
fixed length control field 920129s1993 nyua b 001 0 eng
010 ## - LIBRARY OF CONGRESS CONTROL NUMBER
LC control number 92006989
020 ## - INTERNATIONAL STANDARD BOOK NUMBER
International Standard Book Number 0471553808
Qualifying information cloth : acid-free paper
020 ## - INTERNATIONAL STANDARD BOOK NUMBER
International Standard Book Number 9780471553809
Qualifying information (cloth : acid-free paper)
035 ## - SYSTEM CONTROL NUMBER
System control number 2030566
040 ## - CATALOGING SOURCE
Original cataloging agency DLC
Transcribing agency DLC
Modifying agency DLC
050 00 - LIBRARY OF CONGRESS CALL NUMBER
Classification number QA401
Item number .K7 1993
082 00 - DEWEY DECIMAL CLASSIFICATION NUMBER
Classification number 510.2462 KRE
Edition number 20
100 1# - MAIN ENTRY--PERSONAL NAME
Personal name Kreyszig, Erwin.
245 10 - TITLE STATEMENT
Title Advanced engineering mathematics /
Statement of responsibility, etc. Erwin Kreyszig.
250 ## - EDITION STATEMENT
Edition statement Fifth Edition
260 ## - PUBLICATION, DISTRIBUTION, ETC.
Place of publication, distribution, etc. New York :
Name of publisher, distributor, etc. Wiley,
Date of publication, distribution, etc. c1993.
300 ## - PHYSICAL DESCRIPTION
Extent 1 v. (various pagings) :
Other physical details ill. (some col.) ;
Dimensions 27 cm.
336 ## - CONTENT TYPE
Content type term text
Content type code txt
Source rdacontent
337 ## - MEDIA TYPE
Media type term unmediated
Media type code n
Source rdamedia
338 ## - CARRIER TYPE
Carrier type term volume
Carrier type code nc
Source rdacarrier
504 ## - BIBLIOGRAPHY, ETC. NOTE
Bibliography, etc. note Includes bibliographical references and index.
650 #0 - SUBJECT ADDED ENTRY--TOPICAL TERM
Topical term or geographic name entry element Mathematical physics.
650 #0 - SUBJECT ADDED ENTRY--TOPICAL TERM
Topical term or geographic name entry element Engineering mathematics.
856 4# - ELECTRONIC LOCATION AND ACCESS
Materials specified Table of Contents
Uniform Resource Identifier <a href="http://www.loc.gov/catdir/toc/onix05/92006989.html">http://www.loc.gov/catdir/toc/onix05/92006989.html</a>
856 42 - ELECTRONIC LOCATION AND ACCESS
Materials specified Publisher description
Uniform Resource Identifier <a href="http://www.loc.gov/catdir/enhancements/fy0707/92006989-d.html">http://www.loc.gov/catdir/enhancements/fy0707/92006989-d.html</a>
906 ## - LOCAL DATA ELEMENT F, LDF (RLIN)
a 7
b cbc
c orignew
d 1
e ocip
f 19
g y-gencatlg
942 ## - ADDED ENTRY ELEMENTS (KOHA)
Source of classification or shelving scheme
Koha item type Book
Holdings
Withdrawn status Lost status Source of classification or shelving scheme Damaged status Not for loan Permanent Location Current Location Shelving location Date acquired Full call number Barcode Date last seen Price effective from Koha item type Public note Total Checkouts
          College of Electrical & Mechanical Engineering (CEME) College of Electrical & Mechanical Engineering (CEME) General Stacks 01/20/2026 510.2462 KRE CEME-25763 01/20/2026 01/20/2026 Book 3.6  
          College of Electrical & Mechanical Engineering (CEME) College of Electrical & Mechanical Engineering (CEME) General Stacks 01/20/2026 510.2462 KRE CEME-23468 01/20/2026 01/20/2026 Book 3.6  
          College of Electrical & Mechanical Engineering (CEME) College of Electrical & Mechanical Engineering (CEME) General Stacks 01/20/2026 510.2462 KRE CEME-27834 01/20/2026 01/20/2026 Book 3.6  
          College of Electrical & Mechanical Engineering (CEME) College of Electrical & Mechanical Engineering (CEME) General Stacks 01/20/2026 510.2462 KRE CEME-24625 01/20/2026 01/20/2026 Book 3.6  
          College of Electrical & Mechanical Engineering (CEME) College of Electrical & Mechanical Engineering (CEME)   01/22/2026 510.2462 KRE ceme-23486 01/22/2026 01/22/2026 Book 3.6  
          College of Electrical & Mechanical Engineering (CEME) College of Electrical & Mechanical Engineering (CEME) General Stacks 01/22/2026 510.2462 KRE ceme-22553 01/22/2026 01/22/2026 Book 3.6  
          College of Electrical & Mechanical Engineering (CEME) College of Electrical & Mechanical Engineering (CEME) General Stacks 01/22/2026 510.2462 KRE ceme-23497 01/22/2026 01/22/2026 Book 3.6  
          College of Electrical & Mechanical Engineering (CEME) College of Electrical & Mechanical Engineering (CEME) General Stacks 01/22/2026 510.2462 KRE ceme-23492 01/22/2026 01/22/2026 Book 3.6  
          College of Electrical & Mechanical Engineering (CEME) College of Electrical & Mechanical Engineering (CEME) General Stacks 01/22/2026 510.2462 KRE ceme-23484 01/22/2026 01/22/2026 Book 3.6  
          College of Electrical & Mechanical Engineering (CEME) College of Electrical & Mechanical Engineering (CEME) General Stacks 01/22/2026 510.2462 KRE ceme-24632 01/22/2026 01/22/2026 Book 3.6  
          College of Electrical & Mechanical Engineering (CEME) College of Electrical & Mechanical Engineering (CEME) General Stacks 01/22/2026 510.2462 KRE ceme-23490 01/22/2026 01/22/2026 Book 3.6  
          College of Electrical & Mechanical Engineering (CEME) College of Electrical & Mechanical Engineering (CEME) General Stacks 01/22/2026 510.2462 KRE ceme-23489 01/22/2026 01/22/2026 Book 3.6  
          College of Electrical & Mechanical Engineering (CEME) College of Electrical & Mechanical Engineering (CEME) General Stacks 01/22/2026 510.2462 KRE ceme-23475 01/22/2026 01/22/2026 Book 3.6  
          College of Electrical & Mechanical Engineering (CEME) College of Electrical & Mechanical Engineering (CEME) General Stacks 01/22/2026 510.2462 KRE ceme-23459 01/22/2026 01/22/2026 Book 3.6  
          College of Electrical & Mechanical Engineering (CEME) College of Electrical & Mechanical Engineering (CEME) General Stacks 01/22/2026 510.2462 KRE ceme-17123 01/22/2026 01/22/2026 Book 3.6  
          College of Electrical & Mechanical Engineering (CEME) College of Electrical & Mechanical Engineering (CEME) General Stacks 01/22/2026 510.2462 KRE ceme-23464 01/22/2026 01/22/2026 Book 3.6  
          College of Electrical & Mechanical Engineering (CEME) College of Electrical & Mechanical Engineering (CEME)   01/22/2026 510.2462 KRE ceme-23473 01/22/2026 01/22/2026 Book 3.6  
          College of Electrical & Mechanical Engineering (CEME) College of Electrical & Mechanical Engineering (CEME) General Stacks 01/22/2026 510.2462 KRE ceme-23494 01/22/2026 01/22/2026 Book 3.6  
          College of Electrical & Mechanical Engineering (CEME) College of Electrical & Mechanical Engineering (CEME) General Stacks 01/22/2026 510.2462 KRE ceme-23978 01/22/2026 01/22/2026 Book 3.6  
          College of Electrical & Mechanical Engineering (CEME) College of Electrical & Mechanical Engineering (CEME) General Stacks 01/22/2026 510.2462 KRE ceme-24622 01/22/2026 01/22/2026 Book 3.6  
          College of Electrical & Mechanical Engineering (CEME) College of Electrical & Mechanical Engineering (CEME) General Stacks 01/22/2026 510.2462 KRE ceme-23487 01/22/2026 01/22/2026 Book 3.6  
© 2023 Central Library, National University of Sciences and Technology. All Rights Reserved.